Discussion Papers (Record no. 3187)

MARC details
000 -LEADER
fixed length control field 00402nas a22001817i 4500
001 - CONTROL NUMBER
control field 3234
003 - CONTROL NUMBER IDENTIFIER
control field OSt
005 - DATE AND TIME OF LATEST TRANSACTION
control field 20180810134155.0
007 - PHYSICAL DESCRIPTION FIXED FIELD--GENERAL INFORMATION
fixed length control field tu
008 - FIXED-LENGTH DATA ELEMENTS--GENERAL INFORMATION
fixed length control field 161220b xxu||||| |||| 00| 0 d
024 7# - OTHER STANDARD IDENTIFIER
Standard number or code 3233
Source of number or code RID
040 ## - CATALOGING SOURCE
Transcribing agency OSt
110 2# - MAIN ENTRY--CORPORATE NAME
Corporate name or jurisdiction name as entry element Institute of Economics,Hungarian Academy of Sciences
Relator term Ed.
245 ## - TITLE STATEMENT
Title Discussion Papers
246 23 - VARYING FORM OF TITLE
Title proper/short title MT-DP
300 ## - PHYSICAL DESCRIPTION
Other physical details ET kat.
942 ## - ADDED ENTRY ELEMENTS (KOHA)
Koha item type Periodical
Holdings
Withdrawn status Lost status Damaged status Not for loan Home library Current library Shelving location Date acquired Inventory number Total Checkouts Barcode Date last seen Price effective from Koha item type
        WIIW WIIW Corridor 08/28/1996 3234   303232 01/26/2017 01/26/2017 Periodical
The Vienna Instiute for International Economic Studies (wiiw)